LIBRARY & INFORMATION CENTRE, KCAET, TAVANUR

ONLINE PUBLIC ACCESS CATALOGUE (OPAC)

Althara / (Record no. 12491)

MARC details
000 -LEADER
fixed length control field 00425cam a2200169ua 4500
041 ## - LANGUAGE CODE
Language code of text/sound track or separate title mal
082 ## - DEWEY DECIMAL CLASSIFICATION NUMBER
Classification number 894.8122
Item number PON/AL
100 ## - MAIN ENTRY--AUTHOR NAME
Personal name Varkey, Ponkunnam.
245 ## - TITLE STATEMENT
Title Althara /
260 ## - PUBLICATION, DISTRIBUTION, ETC. (IMPRINT)
Place of publication Kottayam :
Name of publisher Sahitya Pravarthaka Co-operative Society ,
Year of publication 1965.
300 ## - PHYSICAL DESCRIPTION
Number of Pages 151 ; .
942 ## - ADDED ENTRY ELEMENTS (KOHA)
Koha item type Books
Holdings
Withdrawn status Lost status Damaged status Home library Current library Date acquired Full call number Accession Number Koha item type Public note
Withdrawn     KAUAET Malayalam University 07/04/2012 894.8122 8458 Books Transferred to Malayalam University
free website counter